000
00317nam a2200133Ia 4500
005
20251222143203.0
008
251222s9999||||xx |||||||||||||| ||spa||
082
_a
300.985/C93/3
100
_a
Alencastre, Andrés
245
0
_a
Gestión empresarial agrícola:
250
_a
2a.ed.
264
_b
DESCO
942
_c
LIB
999
_c
13128
_d
13128